书目信息 |
| 题名: |
生化工艺学实验教程
|
|
| 作者: | 陈来同 编著 | |
| 分册: | ||
| 出版信息: | 北京 科学出版社 2019重印 |
|
| 页数: | 283页 | |
| 开本: | 24cm | |
| 丛书名: | 21世纪高等院校教材 | |
| 单 册: | ||
| 中图分类: | Q503-33 , TQ464-33 | |
| 科图分类: | ||
| 主题词: | 生物化学--Sheng Wu Hua Xue--技术--实验--高等学校--教材 , 生物制品--sheng wu zhi pin--工艺学--实验--高等学校--教材 | |
| 电子资源: | ||
| ISBN: | 978-7-03-019036-9 | |
| 000 | 00960cam 2200289 45 | |
| 001 | 012001002542 | |
| 005 | 20140101151453.0 | |
| 010 | @a978-7-03-019036-9@dCNY58.00 | |
| 099 | @aCAL 012007108349 | |
| 100 | @a20070920d2007 ekmy0chiy50 ea | |
| 101 | 0 | @achi |
| 102 | @aCN@b110000 | |
| 105 | @aak a 000yy | |
| 106 | @ar | |
| 200 | 1 | @a生化工艺学实验教程@Asheng hua gong yi xue shi yan jiao cheng@f陈来同编著 |
| 210 | @a北京@c科学出版社@d2019重印 | |
| 215 | @a283页@c图@d24cm | |
| 225 | 2 | @a21世纪高等院校教材@A21 shi ji gao deng yuan xiao jiao cai@i生物工程系列 |
| 320 | @a有书目 | |
| 410 | 0 | @12001@a21世纪高等院校教材@i生物工程系列 |
| 606 | 0 | @a生物化学@ASheng Wu Hua Xue@x技术@x实验@x高等学校@j教材 |
| 606 | 0 | @a生物制品@Asheng wu zhi pin@x工艺学@x实验@x高等学校@j教材 |
| 690 | @aQ503-33@v4 | |
| 690 | @aTQ464-33@v4 | |
| 701 | 0 | @a陈来同@Achen lai tong@4编著 |
| 801 | 0 | @aCN@b北京卓展@c20191020 |
| 905 | @b1203814-7@dQ503-33@e278@f4 | |
| 生化工艺学实验教程/陈来同编著.-北京:科学出版社,2019重印 |
| 283页:图;24cm.-(21世纪高等院校教材.生物工程系列) |
| ISBN 978-7-03-019036-9:CNY58.00 |
| ● |
| 相关链接 |
|
|
|
|
正题名:生化工艺学实验教程
索取号:Q503-33/278
 
预约/预借
| 序号 | 登录号 | 条形码 | 馆藏地/架位号 | 状态 | 备注 |
| 1 | 1203814 | 212038141 | 第二样本阅览室/ [索取号:Q503-33/278] | 在馆 | |
| 2 | 1203815 | 212038150 | 第三借阅区/ [索取号:Q503-33/278] | 在馆 | |
| 3 | 1203816 | 212038169 | 第三借阅区/ [索取号:Q503-33/278] | 在馆 | |
| 4 | 1203817 | 212038178 | 第三借阅区/ [索取号:Q503-33/278] | 在馆 |